000 01273cam a22002774a 4500
999 _c18458
_d18458
001 11864742
005 20161220142016.0
008 991209s2000 nyua be 000 0 eng
010 _a 99089533
020 _a0312229755 (cloth)
040 _aDLC
_cDLC
_dDLC
042 _apcc
050 0 0 _aN6350
_b.G76 2000
245 0 4 _aThe Grove dictionary of art.
_pFrom Renaissance to Impressionism :
_bstyles and movements in western art, 1400-1900 /
_cedited by Jane Turner.
246 3 0 _aFrom Renaissance to Impressionism
260 _aNew York, NY :
_bSt. Martin's Press,
_c2000.
300 _axii, 377 p. :
_bill. (some col.) ;
_c24 cm.
440 0 _aGrove Art
504 _aIncludes bibliographical references.
650 0 _aArt, Modern
_vEncyclopedias.
700 1 _aTurner, Jane,
_d1956-
942 _2lcc
_cBOOKS
_hN6350 .G76 2000